|
|
|
|
| LEADER |
01298nam a2200325 a 4500 |
| 001 |
GR-MES16207 |
| 008 |
e50513s2000 r g{u0395} 000 0 |
| 020 |
|
|
|a 20140211d2009 m y0GREy50 ga
|
| 040 |
|
|
|a GrPaTEI
|b gre
|c GR-PaULI
|
| 040 |
|
|
|a GrPaTEI
|b gre
|c GR-PaULI
|
| 044 |
|
|
|a r
|
| 082 |
|
0 |
|4 070
|a Ullman
|b Larry
|
| 100 |
1 |
|
|a Καραγεώργης, Σωκράτης
|
| 245 |
1 |
0 |
|a Αθήνα =
|b 2009.
|
| 260 |
|
|
|a 648 σ. :
|b σχήμ.
|
| 300 |
|
|
|a Σύστημα "ΕΥΔΟΞΟΣ": αρ. εισ. 27033, 27034
|
| 500 |
|
|
|a Περιέχει ευρετήριο
|
| 504 |
0 |
2 |
|3 210003269220130724112801
|a Σύστημα ΕΥΔΟΞΟΣ
|
| 610 |
|
|
|a MySQL ( electronic resourse)
|
| 650 |
|
0 |
|a PHP ( computer program language)
|
| 650 |
1 |
0 |
|a 006.76
|v 22nd ed
|
| 650 |
1 |
0 |
|a Web sites development
|
| 650 |
1 |
0 |
|a web sites
|x Design
|
| 700 |
0 |
|
|a Κλειδάριθμος
|
| 700 |
1 |
|
|a Καρανικολός, Κώστας
|
| 712 |
|
|
|a GR.
|b Βιβλιοθήκη ΤΕΙ Μεσολογγίου (20140211
|
| 942 |
|
|
|2 ddc
|
| 952 |
|
|
|0 0
|1 0
|2 ddc
|4 0
|6 006_760000000000000_ULL
|7 0
|9 274184
|a MSLG
|b MSLG
|c EUD
|d 2021-01-17
|e 24
|f 0
|g 0.00
|l 0
|o 006.76 ULL
|r 2021-01-17 00:00:00
|t 1
|v 2021.00
|w 2021-01-17
|y BK15
|x 20140211 0 ΧΑΣΑΝΗ 0
|x GrPaTEI
|
| 971 |
|
|
|a .b25822561
|b 01-10-20
|c 13-09-16
|
| 999 |
|
|
|c 158632
|d 158632
|